000 00284nam a22001217a 4500
008 170601b xxu||||| |||| 00| 0 eng d
041 _aeng
080 _21st
_a94
100 _a17
101 _aSHH
245 _aPEOPLES AND CULTURES OF THE CARIBBEAN
_cHOROWITZ,M.M
942 _2udc
_cBK
999 _c15235
_d15235